Statistiche per Paesi che terminano con I

Clicka qui per fare il quiz!

Statistiche generali

  • Questo quiz è stato fatto 93 volte
  • Il punteggio medio è 5 su 9

Statistiche sulle risposte

paese% Corretto
Kiribati
72%
Figi
65%
Gibuti
63%
Haiti
58%
Mali
57%
Malawi
51%
Brunei
46%
Eswatini
46%
Burundi
44%

Distribuzione punteggi

Percentile per numero di risposta

Percentuale di utenti per punteggio

I tuoi punteggi nel tempo

Non hai fatto questo quiz